Herança de gelo (Record no. 46298)

MARC details
000 -Etiqueta do registo
Valores 00682nam a2200217 4500
100 ## - Dados gerais de processamento
Dados gerais 20150225d2015 m y0pory50030103ba
101 1# - Língua de publicação
Língua por
102 ## - País de publicação
País PT
200 1# - Titulo e menção de responsabilidade
Título próprio Herança de gelo
Primeira menção de responsabilidade Nora Roberts
Outras menções de responsabilidade trad. Carla Ferraz
Título paralelo [Trilogia da Herança]
210 #9 - Publicação
Local de publicação Parede
Nome do editor chá das Cinco
Data de publicação 2007
215 ## - Descrição física 
Paginação / Volumes 317 p.
225 2# - Colecção 
Título próprio da colecção Trilogia da Herança
304 ## - Nota relativa ao título
Texto de nota Tít. orig.: Born in ice
675 ## - CDU
Notação 821.111(73)-31"19/20"
Edição BN
Língua por
700 #1 - Autor principal
Apelido Roberts,
Nome Nora,
702 #1 - Autor secundário
Apelido Ferraz,
Nome Carla Maria Morais
Função 730
801 #0 - Fonte de origem
País PT
Agência BN
Regras de catalogação RPC
856 41 - Localização e acesso electrónico 
URL <a href="http://rnod.bnportugal.gov.pt/ImagesBN/winlibimg.aspx?skey=&doc=1898651&img=57549&save=true">http://rnod.bnportugal.gov.pt/ImagesBN/winlibimg.aspx?skey=&doc=1898651&img=57549&save=true</a>
990 ## - Elementos KOHA
Tipo de documento Livro
Holdings
Aquisição Empréstimo Código de barras Cota Permissão de empréstimo Tipo de documento Nota relativa ao exemplar
Biblioteca Municipal de Redondo Biblioteca Municipal de Redondo 057413 821.111(73)-3 ROB   Livro oferta de Franklim Amaro Cabreirinha

Powered by Koha